[Event "Olympiad-37"]
[Site "Turin"]
[Date "2006.05.28"]
[Round "7"]
[White "Sargissian, Gabriel"]
[Black "L'Ami, Erwin"]
[Result "1-0"]
[WhiteElo "2612"]
[BlackElo "2565"]
[Annotator "Aronian,L"]
[PlyCount "95"]
[EventDate "2006.05.21"]
[EventType "team-swiss"]
[EventRounds "13"]
[EventCountry "ITA"]
[SourceTitle "CBM 113"]
[Source "ChessBase"]
[SourceDate "2006.07.31"]
[SourceVersion "1"]
[SourceVersionDate "2006.07.31"]
[SourceQuality "1"]
[WhiteTeam "Armenia"]
[BlackTeam "Netherlands"]
[WhiteTeamCountry "ARM"]
[BlackTeamCountry "NED"]

1. d4 {Krasenkow} Nf6 2. c4 g6 3. Nc3 d5 4. Bg5 {One of the positional methods
of fighting the Grunfeld.} Ne4 {Also possible is 4...Bg7, as played a number
of times by Svidler last century.} 5. Bh4 Nxc3 6. bxc3 dxc4 {The most
principled reply. Black tries to steal a pawn. Also playable is 6...c5 leading
to an equal position, although White's position is a little easier.} 7. e3 Be6
8. Rb1 {Also popular is 8.Qb1 as Gabriel played against Lagrava. This
posiutions are not fully studied and I find it difficult to give a judgement
on individual moves.} b6 ({Fast development by} 8... Nd7 9. Rxb7 Bg7 {is a
very interesting idea. After the natural} 10. Ne2 {Black has the striking blow}
Nc5 11. dxc5 Qxd1+ 12. Kxd1 O-O-O+ {This position (after 9...Bg7) deserves
serious examination.}) 9. Nh3 {An interesting move, which has probably been
analysed at many levels. I learned it from gabriel, who decided o analyse it a
couple of years ago. The first game with the move was played in the Russian
League by my friend Vladimir Dobrov.} Bh6 {One of the main moves.} ({Dobrov's
opponent played} 9... f6 {and after} 10. e4 c6 11. d5 cxd5 12. Nf4 Bf7 13. Nxd5
{White obtained a small advantage.}) 10. e4 {In this position, there are many
interesting ideas. For obvious reasons, I recommend the reader to examine
these for himself.} O-O {As well as this move, Black has the possibility of 10.
..f6 leading after 11.d5 Bxh3 12.gxh to an unbalanced and sharp position, and
also 10...c6 leading to set-ups similar to the game.} 11. Ng5 {An unambituous
announcement of an intention to play for mate.} ({No less interesting was} 11.
Bg5 Bg7 12. Nf4 Qd7 13. Be2 {with good compensation for White, eg.} h6 14. Nxe6
Qxe6 15. Be3 {and with e5 at the appropriate moment, White has good prospects.}
) 11... Bxg5 {Black takes up the gauntlet. On moves such as Qd6 or Qc8 White
can simply develop by 12.Be2, keeping the pressure, whilst} (11... Qd7 {
is dubious because of} 12. d5 Bg4 13. f3 f6 14. Nxh7 Kxh7 15. fxg4 {and White
retains the advantages of his position.}) 12. Bxg5 c6 {Krasenkow: 'Black has
kept his extra pawn but at a high price: his dark-squared bishop was indeed
crucial. White can now create a kingside attack in several ways.'} 13. g4 {
I must admit that this strong move made a powerful impression on me.
Surprisingly, it is hard to punish White for this radical advance, since at
the moment, there is no pressure on White's strong centre.} f6 {Making luft
for the bishop.} ({The attempt to play more concretely with} 13... Qd6 {
with the idea of coming to a3, is not so good. The complications after the
possible} 14. f4 Qa3 (14... f6) 15. f5 Qxc3+ 16. Kf2 {look very promising for
White, but 14...f6 would avoid these. Erwin probably avoided 13...b5 because
he feared problems with the pawn after a later d5. Even so, this was probably
the most promising line for Black.}) 14. Bh6 Re8 15. Bg2 Bf7 16. f4 {Just in
time! It is important no to allow e5, without the opening of the f-file.} Nd7 (
{After} 16... e5 17. fxe5 fxe5 18. O-O Nd7 19. Rb2 {with the idea of Rbf2,
Black cannot avoid problems.}) 17. O-O b5 {Logical. Black's main problem, of
course, is that he is cramped.} 18. f5 ({White probably did not like} 18. e5 {
because of} Qc7 19. Qe2 e6 20. exf6 Rab8 {Notwithstanding the dangers, Black
advances c5 and obtains counterplay.} (20... Nxf6 21. Bxc6 $1 Qxc6 22. Qe5))
18... Kh8 {A cunning move.} ({A possible attempt to free the queen is} 18... e5
{After} 19. fxe6 Bxe6 20. Qf3 {White has the initiative, but it is a long way
to anything decisive.}) 19. Qe2 $6 ({The hasty} 19. e5 $1 {gives Black some
freedom after Krasenkow: 'was much stronger.'} gxf5 20. Bxc6 Rg8) 19... gxf5
20. exf5 {An unexpected change of plan. Now White will win the backward pawn
on e7. Bolder spirits than me might prefer not to give up the idea of mate,
and would play 20.gxf5, although Black can continue 20...Qa5 and Rg8. Thus the
decision in the game was probably correct.} Rc8 ({It would be interesting to
know what White would play after} 20... e5 {I cannot find anything better than}
21. fxe6 Bxe6 22. Qd1 {Even so, White is still better, thanks to the strong
bishop on h6. One can cite as an example the following remarkable variation:}
Rc8 23. h3 Nb6 24. g5 Nd5 (24... f5 25. d5) 25. gxf6 Nxc3 26. Qd2 Nxb1 27. Qg5
Qd7 28. d5 {and White wins.}) 21. g5 fxg5 22. Bxg5 Nf6 23. Rbe1 Qd6 $6 {
Of course, it is easy to offer advice from the side. Krasenkow: 'A risky move.'
} ({After} 23... Bd5 24. Rf2 {White has unpleasant pressure, but the risky} a5
{was possible. I will not brand Black's move a mistake, since I would probablt
have played the same myself. And it is well-known that I never make a mistake..
.} (24... Rg8 {Krasenkow} 25. h4 Rc7 26. Qe5 {White has a good compensation
for the pawn but it is not easy to break through.})) 24. Qe5 Qxe5 {Sad
necessity.} ({On} 24... Kg7 {there is the unpleasant} 25. Rf3 {with the idea
of harrassing the king by Rg3.}) 25. dxe5 {Yes, I too would be happy to play
with such pawns.} Nd5 26. e6 Bh5 27. Bxd5 Rg8 {Of course, Black does not want
to be left with the bishop on h5, especially since its opposite number would
take up residence on d4.} 28. h4 h6 29. f6 $1 {A beautiful move.} ({Also
possible is} 29. Bg2 hxg5 30. f6 {Probably Gabriel was put off by} exf6 31.
Rxf6 Rg6 {with chances of a draw.}) 29... exf6 ({The line} 29... cxd5 30. f7
hxg5 31. fxg8=Q+ Rxg8 32. Rf5 {is not good, since the white rook hunts down
the pawns.}) 30. Rxf6 hxg5 31. Rh6+ {The correct decision, although it was
still not too late to return to the idea of Bg2. I think it is hard for Black
to defend the rook ending.} Kg7 32. Rxh5 cxd5 33. Rxg5+ Kf6 34. e7 {We have by
force reached this complicated ending. The one thing that is clear is that
Black can a hard fight for a draw.} Rce8 $2 {And a mistake comes immediately!}
({Stronger was} 34... b4 35. cxb4 ({White must take the pawn, since after} 35.
Kf2 {there is the strong reply} Rge8) 35... c3 36. Rxg8 Rxg8+ 37. Kf2 Re8 38.
Rc1 Rxe7 ({Not} 38... d4 39. Ke2 {and the strong position of the white king on
d3 gives him winning chances.}) 39. Rxc3 Re4 {and Black regains one of his
pawsn and thus makes a draw.}) (34... Rge8 $142 {Krasenkow and I don't see how
White can win:} 35. Rxd5 (35. Rge5 b4 $5 36. cxb4 c3) 35... Rxe7 (35... b4 $5)
36. Rf1+ (36. Rxe7 Kxe7 37. Rxb5 Rd8 38. Re5+ Kf6 39. Re4 Rd1+ 40. Kf2 Rd2+ 41.
Kf3 Rxa2 42. Rxc4 a5) 36... Kg7 37. Rxb5 Re3 38. Rg5+ Kh8 {etc.}) 35. Rxg8
Rxg8+ 36. Kf2 {After 36...Kf7 White of course forces a winning pawn ending
with 37.e8.} Re8 37. a3 a5 38. h5 b4 {Even now there was a chance!} ({The move
} 38... Kg5 {poses White serious problems. Of course, thanks to the fast
time-limit, Black had no time to calculate the variations, and his intuition
decisved him. After} 39. Re5+ Kf4 40. Rxd5 Rxe7 41. Rxb5 {Black has} Rd7 {
I will not take it upon myself to give a definite judgement, since I do not
trust my knowledge of rook endings, but it seems to me that after} 42. Rxa5 Rd3
{Black has excellent chances of a draw.}) 39. cxb4 axb4 {After 39...c3 there
is 40.Re2 and the rest is as in the game.} 40. axb4 c3 41. Re2 {The king will
deal with the pawns.} Kg5 ({Equally hopeless is} 41... c2 42. Rxc2 Rxe7 43. b5
{and the rook on b2 will win the game.}) 42. Ke1 Kxh5 (42... d4 43. Kd1 d3 44.
Re3 c2+ 45. Kc1 {doesn't change anything.}) 43. Kd1 Kg6 44. b5 Kf7 45. b6 c2+
46. Kc1 {Of course, 46.Kc2 also wins easily.} d4 47. b7 d3 48. Re3 {But this
is prettier.} 1-0

[Event "Augsburg"]
[Site "Augsburg"]
[Date "2004.12.29"]
[Round "3"]
[White "Atalik, Suat"]
[Black "Langheinrich, Ferenc"]
[Result "1-0"]
[WhiteElo "2541"]
[BlackElo "2395"]
[Annotator "Atalik,S"]
[PlyCount "73"]
[EventDate "2004.12.27"]
[EventType "tourn"]
[EventRounds "11"]
[EventCountry "GER"]
[EventCategory "8"]
[SourceTitle "CBM 104 Extra"]
[Source "ChessBase"]
[SourceDate "2005.03.01"]
[SourceVersion "1"]
[SourceVersionDate "2005.03.01"]
[SourceQuality "1"]

1. d4 Nf6 2. c4 g6 3. Nc3 d5 4. Bg5 Ne4 5. Bh4 Nxc3 6. bxc3 c5 (6... dxc4 7. e3
Be6 (7... Bg7 8. Bxc4 O-O 9. Nf3 c5 10. O-O Nc6 {In this position white has 3
moves in his disposal.} 11. Rc1 (11. Qa4 Bd7 (11... Qa5 12. Qb3) 12. Qa3 Rc8
$132) (11. Qe2 Bf5 12. Rfd1 $14) 11... Na5 12. Bd3 $14) 8. Nf3 (8. Rb1 Qd5 (
8... Bd5 $6 9. f3 f5 10. Qe2 Bg7 11. e4 fxe4 12. fxe4 Bc6 13. Nf3 b5 14. Qe3
O-O 15. Be2 a6 16. O-O $16) 9. Ne2 (9. Nf3 Nd7 (9... Qa5 10. Rxb7 Qxc3+ 11. Nd2
Nd7 12. Rxc7 Qa5 13. Bg3 c3 14. Ne4 c2+ 15. Qd2 Qxa2 16. Rxc2 Qb1+ 17. Qc1
Qxc1+ 18. Rxc1 $16) (9... b5)) (9. Qf3 $6 b6) 9... Bf5 (9... Bh6 10. Qa4+ Bd7
11. Qb4 g5 12. Bg3 $13) 10. Nf4 (10. Qa4+ Nd7 11. Nf4 Qe4 12. Rb2 Bh6 13. Bg3
e5 14. dxe5 O-O 15. Qxc4 Qxc4 16. Bxc4 Nxe5 17. Be2 $15) (10. Rb2 Bh6 11. Qa4+
Bd7 12. Qb4 g5 13. Bg3 $13) 10... Qa5 11. Rc1 b5 12. Be2 c6 13. Bf3 Bg7 14. O-O
e5 (14... h6 15. e4 Bc8 16. Bg3 O-O 17. e5 $44) 15. dxe5 Bxe5 16. Bg3 Qc7 17.
a4 a6 18. Ra1 $1 $40) 8... c5 (8... Bd5 9. Nd2 b5 10. e4 Bb7 11. Qb1 $16) 9.
Be2 (9. Qa4+ $6 Qd7 10. Qa3 cxd4 11. cxd4 Bg7 $132) (9. Ng5 $2 Bd5 10. e4 h6
11. exd5 hxg5 12. Qa4+ Qd7 13. Qxd7+ Nxd7 14. Bxg5 cxd4 15. cxd4 Nb6 $17) 9...
cxd4 10. Qxd4 Qxd4 11. Nxd4 Bd5 12. f3 f6 (12... f5 13. e4 fxe4 14. fxe4 Bxe4
15. Ne6 Na6 16. Bxc4 Rc8 17. Bb5+ Bc6 18. Bxa6 bxa6 19. O-O Bh6 20. Rae1 $40)
13. e4 Bf7 14. Nb5 Na6 15. Bf2 b6 16. a4 e5 17. a5 Kd7 18. Nxa7 bxa5 19. Rxa5
Nc5 20. O-O $13) 7. cxd5 Qxd5 8. e3 Bg7 $6 {I have always thought that this
may be a mistake.} (8... cxd4 9. Qxd4 Qxd4 10. cxd4 e6 $13 {and black is ready
to counterbalance the efect of Bh4 with Be7.}) (8... Nc6 9. Qf3 Be6 $2 {
is just a bluff.} 10. e4 Qd8 11. d5 Nd4 12. cxd4 (12. Qd3 Qa5 13. Ne2 $1 (13.
dxe6 O-O-O 14. exf7 Bh6 15. Be2 Kb8 $44) 13... Bd7 (13... Nxe2 14. dxe6 $18)
14. Nxd4 cxd4 15. Qxd4 Rg8 16. Bc4 Bg7 17. e5 Qc7 18. f4 Rc8 19. Bb3 Qxc3+ 20.
Qxc3 Rxc3 21. Kd2 $16) 12... Qa5+ 13. Ke2 Bh6 14. Qd3 Bd7 15. a4 Rc8 16. Nf3
cxd4 17. Qxd4 O-O 18. Kd1 $18) 9. Qf3 Qxf3 (9... Be6 $5 10. Bb5+ Nc6 11. e4 Qh5
(11... Qd8 $2 12. d5 Qa5 13. Rb1 Bxc3+ 14. Kf1 Qxa2 15. Rc1 Bd4 16. dxe6 fxe6
17. Ne2 $18) 12. Qxh5 gxh5 13. Nf3 (13. Ne2 $6 cxd4 14. cxd4 a6 15. Bxc6+ bxc6
$132) 13... a6 14. Bxc6+ bxc6 15. O-O cxd4 $140 16. Nxd4 $16) 10. Nxf3 Nc6 ({
Another move is} 10... Bf5 11. Bb5+ $1 Nc6 (11... Nd7 12. Ne5 Bxe5 13. dxe5 $11
) 12. Ke2 (12. Ne5 Bxe5 13. dxe5 Bd7 14. Bg3 $11) 12... a6 13. Bd3 Bxd3+ 14.
Kxd3 $14) 11. Rb1 $1 b6 $2 {Ferenc who was not accustommed with the position
choses an inferior continuation.} (11... O-O 12. Bd3 $1 $16 {and black has
some problems with the development.} (12. d5 $6 Bxc3+ 13. Kd1 Nb4 (13... Rd8
14. Kc2 Bf6 (14... Bf5+ 15. Kxc3 Bxb1 16. dxc6 Rd1 17. cxb7 Rb8 18. Rg1 (18.
Ba6 $6 Rxh1 19. Bg3 Rxb7 20. Bxb7 Bxa2 $13) 18... Rxb7 19. Bc4 Rxg1 20. Nxg1
$16) 15. Bxf6 Bf5+ 16. Kb2 exf6 17. dxc6 Bxb1 18. Kxb1 bxc6 19. Bc4 $16) 14.
Rc1 Bf6 15. Bxf6 exf6 16. Rxc5 Nxa2 17. Kd2 Nb4 18. Bc4 Bd7 $1 19. Rc7 Rfd8 20.
Kc3 (20. Rxb7 Nxd5 21. Nd4 Nb6 $17) 20... a5 21. Rxb7 Rac8 22. e4 $13)) 12. Bb5
Bd7 13. Ke2 $1 {White is in no rush for any action yet.} (13. dxc5 $6 Bxc3+ 14.
Ke2 bxc5 15. Rhd1 a6 16. Bc4 f6 17. Rb7 Bg4) 13... cxd4 (13... e5 14. dxc5 $16)
(13... Nd8 14. Bxd7+ Kxd7 15. dxc5 bxc5 16. Rhd1+ Ke8 17. Rd5 Rc8 18. Rb5 $18)
14. cxd4 Na5 $6 {Another inaccuracy in a difficult position.} (14... Nd8 15.
Rhc1) (14... e6 $142 15. Rhc1 Na5 16. Rc7 Bxb5+ 17. Rxb5 O-O 18. Rb2 $1 Rfc8
19. Rbc2 Rxc7 20. Rxc7 $16 {is obviously bad for black but the dammage is
given many moves before that.}) 15. Rhc1 Bxb5+ 16. Rxb5 Kd7 17. Rd5+ Ke6 18. e4
$18 {Now with the black king trapped in the middle of the board the win is
just a matter of time.} f6 (18... Bf6 19. Bxf6 Kxf6 20. Rd7 Rhc8 21. Rdc7 $1
$18 (21. Rxc8 $6 Rxc8 22. Rxa7 Rc2+ 23. Kd3 Rxf2 24. e5+ Ke6 25. Ng5+ Kf5 26.
Ne4 Nc6 27. Rxe7 Nxe7 28. Nxf2 $18)) 19. Rc7 Rhc8 20. Rdd7 {I have spent some
time on the obvious sacrifice, but it looked unnecessary considering the fact
that the text was leading to a simple win.} (20. Re5+ $6 fxe5 21. Rxe7+ Kd6 22.
Rxg7 (22. dxe5+ $2 Bxe5 23. Nxe5 Rc2+ 24. Kd3 Rxa2 $17) 22... Rc2+ (22... Rc7
23. dxe5+ Kc6 24. Nd4+ Kb7 25. Rxc7+ Kxc7 26. f4 $16) (22... exd4 23. Be7+ Ke6
24. Nxd4+ Ke5 25. Kd3 Nc4 26. Nf3+ Ke6 27. Ng5+ Ke5 28. f4+ Kxf4 29. Kd4 $18)
23. Kd3 Rxa2 (23... Rac8 $2 24. dxe5+ $18) 24. Be7+ Kc6 25. Nxe5+ Kb5 $13 {
is very messy.}) 20... Rxc7 21. Rxc7 Rb8 (21... Kf7 22. d5 b5 23. Nd4 a6 24.
Ne6 Bh6 25. f4 Nc4 26. Bf2 $18) 22. d5+ Kf7 23. Nd4 (23. e5 Rd8 24. d6 $18)
23... Bf8 (23... Rb7 24. d6 Ke8 25. d7+ $18) (23... a6 24. Ne6 $18) 24. Ne6 $1
{No need to collect this unimportant pawn.} (24. Rxa7 Rc8 25. Ne6 Rc2+ 26. Kd3
Rxa2 27. Ra8 Bg7 $16) 24... a6 25. f4 b5 26. Bf2 Nc4 (26... b4 27. Bc5 b3 28.
axb3 Nxb3 29. Ba3 $18) 27. Bc5 Re8 28. Kd3 {All white pieces working to utmost.
} h5 29. h4 Kg8 30. Kd4 Kf7 (30... Nd6 31. Ra7 $18 (31. Bxd6 exd6 32. Nxf8 Kxf8
33. Rd7 Rc8 34. Rxd6 Rc4+ 35. Kd3 f5 36. e5 $18)) 31. Ra7 Nd2 32. Rxa6 Rb8 33.
Ra7 b4 34. Nxf8 b3 35. Bxe7 $5 {Sort of safe!} (35. Rxe7+ Kg8 36. Nd7 b2 37.
Nxf6+ Kf8 38. Rb7#) 35... Ra8 (35... b2 36. Ba3+ Kg8 37. Bxb2 (37. Nd7) 37...
Rxb2 38. Kc3 (38. Nd7 $18) 38... Rb6 39. Kxd2 Kxf8 $18) 36. Rxa8 b2 37. Rb8 {
Finally Ferenc resigned!} 1-0

[Event "Belgrade Trophy 26th"]
[Site "Belgrade"]
[Date "2012.11.27"]
[Round "4"]
[White "Nestorovic, Dejan"]
[Black "Atalik, Suat"]
[Result "1/2-1/2"]
[WhiteElo "2426"]
[BlackElo "2595"]
[Annotator "Atalik,S"]
[PlyCount "75"]
[EventDate "2012.11.24"]
[EventType "swiss"]
[EventRounds "9"]
[EventCountry "SRB"]
[SourceTitle "CBM 152"]
[Source "ChessBase"]
[SourceDate "2013.01.15"]
[SourceVersion "1"]
[SourceVersionDate "2013.01.15"]
[SourceQuality "1"]

1. d4 Nf6 2. c4 g6 3. Nc3 d5 4. Bg5 Ne4 5. Bf4 $5 {A very solid move.} c6 $5 {
I have gone for an original line.} (5... Nxc3 6. bxc3 Bg7 (6... dxc4 7. e3 (7.
e4 b5) 7... Be6 8. Nf3 (8. Rb1 Nd7 $5) (8. Qb1 b6) 8... Bg7 9. Qb1 (9. Rb1 Nd7
10. Ng5 Bd5 11. e4 h6 12. exd5 hxg5 13. Bxg5 Nb6 14. Bxc4 Qd6 15. g3 $13) 9...
b6 10. Ng5 Bd5 11. e4 Bb7 (11... h6 $6 12. exd5 hxg5 13. Qb5+ Qd7 14. Qxd7+
Nxd7 15. Bxg5 $16) 12. Bxc4 O-O 13. h4 Ba6 14. Bxa6 Nxa6 15. Qb5 Qc8 16. h5 c5
17. hxg6 hxg6 18. Rc1 Nc7 19. Qe2 $14) 7. e3 c5 8. Nf3 O-O 9. cxd5 Qxd5 10. Be2
cxd4 11. cxd4 Nc6 12. O-O Bf5 13. Qa4 Qa5 14. Qb3 Qb4 15. Rfc1 Qxb3 16. axb3 a6
17. Rc5 Rac8 18. Rac1 Nb4 $11) 6. e3 Bg7 7. Nf3 {I hesitated between the text..
.} O-O ({and} 7... Qa5 $5 {but I was worried about symmetrical positions
resulting after} 8. cxd5 (8. Qb3 O-O 9. cxd5 Nxc3 10. bxc3 (10. Qxc3 Qxc3+ 11.
bxc3 cxd5 12. c4 Nc6 13. cxd5 Nb4 14. Kd2 Nxd5 15. Be5 f6 16. Bg3 Rd8 17. Bc4
e6 18. Rhc1 Bf8 19. Rab1 a6 $132) 10... cxd5 11. Be2 b6 12. O-O Ba6 13. Bxa6
Nxa6 14. Rfc1 Rac8 15. c4 dxc4 16. Rxc4 Rxc4 17. Qxc4 b5 18. Qb3 Rc8 $13) 8...
cxd5 (8... Nxc3 9. Qd2 cxd5 10. bxc3 Bd7 $5 {should be given a try.}) 9. Rc1
O-O 10. Qb3 Nxc3 11. Rxc3) 8. Bd3 (8. Qb3 Qa5) 8... Nxc3 (8... Bf5 9. O-O Nxc3
10. bxc3 dxc4 11. Bxc4 Nd7 $13 {Bondarevsky-Ragozin, Moscow (ch) 1945.}) 9.
bxc3 Bg4 {I was struck with the merits of this idea.} (9... dxc4 10. Bxc4 Nd7
11. Bg3) 10. O-O (10. cxd5 cxd5 11. Rb1 b6 $13) (10. Qb3 dxc4 11. Bxc4 Bxf3 12.
gxf3 b5 13. Be2 Nd7 14. O-O e5 15. Bg3 h5 16. h4 Qe7 $13) 10... Nd7 {In the
opening part of the game I was really worried about my backward centre.} (10...
e5 11. dxe5 Nd7 12. cxd5 Nxe5 13. Bxe5 Bxe5 14. Be4 $14) (10... dxc4 11. Bxc4
Nd7 12. h3 (12. Be2 $5) 12... Bxf3 13. Qxf3 e5 14. Bg3 Qe7 15. Rab1 Nb6 16. Bb3
$13) 11. Rb1 ({An equally critical line emerges from} 11. cxd5 cxd5 12. Qb3
Bxf3 $1 (12... Rc8 $6 13. Qxb7 Rxc3 14. Be2 $16) (12... Qa5 $6 13. Qxb7 Qxc3
14. Bb5 $16) 13. gxf3 Nb6 14. a4 e5 15. Bg3 h5 16. h3 h4 17. Bh2 Qc8 18. Kg2
Nc4 19. Rfd1 Rd8 $132) 11... e5 12. dxe5 Nxe5 13. Bxe5 Bxe5 14. Rxb7 Bxc3 {
I had to be worried about tactics.} (14... Bxf3 $2 15. Qxf3 dxc4 16. Bxc4 Bxh2+
17. Kh1 $16) 15. Be2 Qa5 $6 {I had a better option.} (15... Be6 $5 16. cxd5 (
16. Nd4 $6 Bxd4 17. Qxd4 dxc4 18. Qc3 Qd5 19. Rd1 Qc5 $17) (16. Qa4 c5 17. Rd1
d4 $1 18. Rxa7 Rb8 $44) 16... Qxd5 17. Nd4 Bxd4 18. Bf3 Qxa2 19. Qxd4 a5 20.
Ra1 Qc4 21. Qxc4 Bxc4 22. Bxc6 Ra6 23. Bb5 Bxb5 24. Rxb5 $11) 16. cxd5 cxd5 (
16... Qxa2 $2 17. h3) 17. Qb3 a6 18. Nd4 $6 {This relieves Black from his
worries.} (18. Rd1 $142 Rad8 19. h3 Bxf3 20. Bxf3 d4 $132) 18... Bxe2 19. Nxe2
Be5 20. f4 $1 $11 {A very important move which slightly weakens the pawn
structure but keeps the control of the b-file against a possible invasion with
...Rfb8.} Bg7 $1 (20... Bf6 21. Qb6 Qxa2 22. Nc1 Qa1 23. Ne2 $11) 21. Rd1 (21.
f5 Bh6 $132) 21... Rad8 (21... Rac8 $6 22. Qxd5 Qxd5 23. Rxd5 Rc2 24. Kf2 Rxa2
25. Rdd7 a5 26. e4 $14 {I was worried about providing White with the absolute
seventh.}) (21... Rae8 $2 22. Rd7) (21... Rfe8 22. Kf2 (22. Rd7 Rad8) 22...
Rad8 23. Rd3 $11) 22. Kf2 Rd6 $6 {A slight inaccuracy!} (22... Rfe8 23. Rd3 Re6
24. Nd4 Bxd4 25. Rxd4 $11) 23. Rb8 $2 (23. Qb4 Qd8 (23... Qxb4 24. Rxb4 Rfd8
25. g4 $14) 24. e4 $1 $36 {would have made the game livelier.}) 23... Rxb8 24.
Qxb8+ Rd8 (24... Bf8 $2 25. Rc1) 25. Qb3 Bf6 26. Rd3 Kg7 27. Rd1 $6 (27. Qc2
Rb8 28. Rb3 {would have reached to the game continuation in a more logical
fashion.}) 27... Rd6 28. Rd3 Bh4+ 29. g3 ({There was nothing wrong with} 29.
Kf3 $5) 29... Bf6 30. Qc2 Rb6 31. Rb3 $1 $11 {Solid play!} (31. Qd2 Qxd2 32.
Rxd2 Rb5 $13) (31. Qc7 Rb5 32. Qxa5 Rxa5 33. Nc1 $1 Bb2 34. Nb3 Rxa2 35. Rd2 a5
36. Nxa5 Rxa5 37. Rxb2 $11) 31... Rxb3 32. axb3 (32. Qxb3 $2 Qd2) 32... Qb5 33.
Qd1 h5 34. h4 Kg8 (34... Qc6 35. Qd3) 35. Qc2 Kg7 36. Qd1 ({Dejan was also
reluctant to break the status quo with} 36. f5 Be5 37. fxg6 fxg6 38. Qc8 Qxb3
39. Qxa6 Qb2 40. Qa7+ Kh6 41. Qe7 Bxg3+ 42. Kxg3 Qxe2 43. Qf8+ $11) 36... Kg8
37. Qc2 Kg7 38. Qd1 1/2-1/2